000 00222nam a2200097Ia 4500
008 240331s9999 xx 000 0 und d
082 _bMAR
100 _aAbeysegara, C. ed
245 0 _aMarttuk karuththin mathippu
942 _cL
999 _c3632
_d3632